000 01252naa a2200301 c 4500
001 39935
003 ES-MaCES
005 20250324174820.0
008 100301n2009 sp t 000 | spa d
035 _aCES20100002732v
040 _aES-MaCES
_bspa
_cES-MaCES
100 1 _aAguelo Navarro, Pascual
_95664
245 1 3 _aLa reforma de la Ley de Extranjería una visión crítica desde los Derechos Humanos Ley Orgánica 2/2009 de 11 de enero sobre derechos y libertades de los extranjeros en España y su integración social
_cPascual Aguelo Navarro, Ángel G. Chueca Sancho
610 1 7 _aEspaña
_tLey de extranjería, 2000
_2
_93185
650 4 _aEspaña
_926964
650 4 _aderechos económicos y sociales
_929875
650 4 _aobligaciones
_931081
650 4 _aprocedimiento administrativo
_930919
650 4 _apolítica migratoria
_929183
650 4 _ainmigración
_928632
650 4 _aextranjero
_928630
653 1 0 _aJurisprudencia
700 1 _aChueca Sancho, Ángel G.
_99627
773 0 _tRevista de derecho migratorio y extranjería
_gn. 22 (nov. 2009){55/1090 R. 075978}; p. 109-145
_w(ES-MaCES)26041
_979817
902 _aART Artículo de revista
942 _2CES
_cAR
_h6.2.
999 _c39935
_d39935